|
|
|
|
| LEADER |
01721nam a2200397 a 4500 |
| 001 |
32109 |
| 003 |
BD-DhAAL |
| 005 |
20220103113608.0 |
| 008 |
171106s2018 us a |b 001 0 eng |
| 999 |
|
|
|c 38535
|d 38535
|
| 010 |
|
|
|a 98046333
|
| 020 |
|
|
|a 9781260083347
|
| 020 |
|
|
|a 0072907746 (alk. paper)
|
| 020 |
|
|
|a 1260083349
|
| 020 |
|
|
|a 1260083349
|
| 040 |
|
|
|a DLC
|c DLC
|d DLC
|d BD-DhAAL
|
| 050 |
0 |
0 |
|a QP34.5
|b .H625 2000
|
| 082 |
0 |
0 |
|a 612
|2 21
|
| 245 |
0 |
0 |
|a Hole's essentials of human anatomy and physiology /
|c edited by David Shier, Jackie Butler, Ricki Lewis.
|
| 246 |
3 |
|
|a Essentials of human anatomy and physiology
|
| 250 |
|
|
|a Thirteenth edition
|
| 260 |
|
|
|a Boston :
|b McGraw-Hill,
|c c [2018]
|
| 300 |
|
|
|a xxiv, 613 pages :
|b illustrations, (chiefly col.) ;
|c 29 cm.
|
| 500 |
|
|
|a Includes indexes.
|
| 526 |
|
|
|a PHR
|
| 541 |
|
|
|e 32019, 32110, 32111
|
| 650 |
|
0 |
|a Human physiology.
|9 8177
|
| 650 |
|
0 |
|a Human anatomy.
|9 8178
|
| 650 |
|
0 |
|a Pharmacy.
|9 44024
|
| 700 |
1 |
|
|a Shier, David
|9 8179
|
| 700 |
1 |
|
|a Butler, Jackie.
|9 23460
|
| 700 |
1 |
|
|a Lewis, Ricki.
|9 8180
|
| 942 |
|
|
|2 ddc
|c BK
|
| 952 |
|
|
|0 0
|1 0
|2 ddc
|4 0
|6 612_000000000000000_HOL
|7 0
|9 61780
|a BRACUL
|b BRACUL
|c GEN
|d 2017-11-06
|e STS International
|g 5300.00
|l 17
|m 218
|o 612 HOL
|p 3010032109
|r 2026-05-20
|s 2026-05-17
|t 1
|v 5300.00
|w 2017-11-06
|y BK
|
| 952 |
|
|
|0 0
|1 0
|2 ddc
|4 0
|6 612_000000000000000_HOL
|7 0
|9 61781
|a BRACUL
|b BRACUL
|c GEN
|d 2017-11-06
|e STS International
|g 5300.00
|l 15
|m 143
|o 612 HOL
|p 3010032110
|r 2026-02-22
|s 2026-02-15
|t 2
|v 5300.00
|w 2017-11-06
|y BK
|
| 952 |
|
|
|0 0
|1 0
|2 ddc
|4 0
|6 612_000000000000000_HOL
|7 0
|9 61782
|a BRACUL
|b BRACUL
|c GEN
|d 2017-11-06
|e STS International
|g 5300.00
|l 23
|m 154
|o 612 HOL
|p 3010032111
|r 2026-02-01
|s 2025-08-31
|t 3
|v 5300.00
|w 2017-11-06
|y BK
|